书目信息 |
| 题名: |
病原生物学学习纲要
|
|
| 作者: | 王兆军 , 何平 主编 | |
| 分册: | ||
| 出版信息: | 北京 科学出版社 2015.12 |
|
| 页数: | 218页 | |
| 开本: | 26cm | |
| 丛书名: | ||
| 单 册: | ||
| 中图分类: | R37 | |
| 科图分类: | ||
| 主题词: | 病原微生物--医学院校--教学参考资料 | |
| 电子资源: | ||
| ISBN: | 978-7-03-046207-7 | |
| 000 | 00915nam0 2200253 450 | |
| 001 | 0400006654 | |
| 005 | 20171113091920.84 | |
| 010 | @a978-7-03-046207-7@dCNY39.80 | |
| 100 | @a20150920d2015 em y0chiy50 ea | |
| 101 | 0 | @achi |
| 102 | @aCN@b110000 | |
| 105 | @ay z 000yy | |
| 106 | @ar | |
| 200 | 1 | @a病原生物学学习纲要@Abing yuan sheng wu xue xue xi gang yao@f王兆军,何平主编 |
| 205 | @a第2版 | |
| 210 | @a北京@c科学出版社@d2015.12 | |
| 215 | @a218页@d26cm | |
| 330 | @a本书根据规划教材所设置的医学微生物学和医学寄生虫学两部分,以细菌学、真菌学、病毒学、蠕虫学、原虫学和医学节肢动物学的各个章节框架进行编排,其中微生物学内容为第一章至第三十七章,寄生虫学内容为第三十八章至第五十章。 | |
| 606 | 0 | @a病原微生物@x医学院校@j教学参考资料 |
| 690 | @aR37@v5 | |
| 701 | 0 | @a王兆军@Awang zhao jun@4主编 |
| 701 | 0 | @a何平@Ahe ping@4主编 |
| 801 | 0 | @aCN@b上海新华@c20171105 |
| 905 | @b1024035-9@dR37@e291=2@f5 | |
| 病原生物学学习纲要/王兆军,何平主编.-第2版.-北京:科学出版社,2015.12 |
| 218页;26cm |
| ISBN 978-7-03-046207-7:CNY39.80 |
| 本书根据规划教材所设置的医学微生物学和医学寄生虫学两部分,以细菌学、真菌学、病毒学、蠕虫学、原虫学和医学节肢动物学的各个章节框架进行编排,其中微生物学内容为第一章至第三十七章,寄生虫学内容为第三十八章至第五十章。 |
| ● |
| 相关链接 |
|
|
|
|
正题名:病原生物学学习纲要
索取号:R37/291=2
 
预约/预借
| 序号 | 登录号 | 条形码 | 馆藏地/架位号 | 状态 | 备注 |
| 1 | 1024035 | 210240354 | 第二样本阅览室/ [索取号:R37/291=2] | 在馆 | |
| 2 | 1024036 | 210240363 | 密集书库-物理学院/ [索取号:R37/291=2] | 在馆 | |
| 3 | 1024037 | 210240372 | 第三借阅区/ [索取号:R37/291=2] | 在馆 | |
| 4 | 1024038 | 210240381 | 第三借阅区/ [索取号:R37/291=2] | 在馆 | |
| 5 | 1024039 | 210240390 | 第三借阅区/ [索取号:R37/291=2] | 在馆 |